Fr. Conceicao Rodrigues College of Engineering

Communication system (Record no. 20320)

MARC details
000 -LEADER
fixed length control field 00313nam a2200145Ia 4500
082 ## - DEWEY DECIMAL CLASSIFICATION NUMBER
Classification number 621.38223
Item number CAR
100 ## - MAIN ENTRY--PERSONAL NAME
Personal name Carrier// Crilly/Paul B
250 ## - EDITION STATEMENT
Edition statement 4
245 ## - TITLE STATEMENT
Title Communication system
260 ## - PUBLICATION, DISTRIBUTION, ETC.
Name of publisher, distributor, etc. Mc Graw Hill Int
Date of publication, distribution, etc. 2002
546 ## - LANGUAGE NOTE
Language note ENGLISH
654 ## - SUBJECT ADDED ENTRY--FACETED TOPICAL TERMS
Focus term communication
942 ## - ADDED ENTRY ELEMENTS (KOHA)
Koha item type BOOK
Holdings
Withdrawn status Lost status Damaged status Not for loan Collection Home library Current library Date acquired Total Checkouts Full call number Barcode Date last seen Price effective from Koha item type
        CRC Fr. Agnel's C.Rodrigues College of Engineering Fr. Agnel's C.Rodrigues College of Engineering 17/03/2023   621.38223 CAR 13571 17/03/2023 17/03/2023 BOOK